[Event "Koge Lang Sommer 2020"]
[Site "Koge"]
[Date "????.??.??"]
[Round "1"]
[White "Nielsen, Leo Kresten Roland"]
[Black "Eriksson, Christian Altenburg"]
[Result "0-1"]
[WhiteElo "1652"]
[BlackElo "2119"]

1.e4 c5 2.Bc4 Nc6 3.f4 g6 4.Nf3 Bg7 5.O-O e6 6.c3 d5 7.exd5 exd5 8.Bb5 Ne7
9.d4 cxd4 10.Nxd4 O-O 11.Be3 Qb6 12.Bxc6 Nxc6 13.Qd2 Re8 14.Na3 Nxd4 15.
Bxd4 Bxd4+ 16.cxd4 Re4 17.Rfe1 Bf5 18.Rxe4 Bxe4 19.Rc1 Re8 20.Rc5 a6 21.b3
Qe6 22.Nc2 Qg4 23.h3 Qf5 24.g4 Qf6 25.Nb4 Qh4 26.Rc3 a5 27.Nxd5 Bxd5 28.
Re3 Re6 29.Rxe6 Qg3+ 0-1

[Event "Koge Lang Sommer 2020"]
[Site "Koge"]
[Date "????.??.??"]
[Round "2"]
[White "Koch-Muller, Oscar"]
[Black "Pedersen, Henrik Dahl"]
[Result "0-1"]
[WhiteElo "1939"]
[BlackElo "2225"]

1.d4 e6 2.c4 Nf6 3.Nc3 Bb4 4.e3 b6 5.Ne2 Bb7 6.a3 Be7 7.d5 O-O 8.e4 exd5 
9.exd5 Re8 10.g3 Ng4 11.Bg2 Bc5 12.O-O Ba6 13.Nb5 Bxb5 14.cxb5 Qf6 15.Qe1 
Qe5 16.Bf3 Qh5 17.h4 Qg6 18.b4 Ne5 19.Bg2 Nd3 20.Qd2 Bxf2+ 21.Rxf2 Nxf2 
22.Kxf2 Qf6+ 23.Qf4 Qxa1 24.Qxc7 d6 25.Qxd6 Nd7 26.Qxd7 Rad8 27.Qxa7 Rxe2+
28.Kxe2 Qxc1 29.Qxb6 Re8+ 30.Kf3 Qd1+ 31.Kf4 Qd2+ 32.Kf3 Qe2+ 33.Kf4 Qxg2 
34.Qd4 Qf1+ 35.Kg4 Qe2+ 36.Kf4 h5 37.Kf5 g6+ 38.Kg5 Kh7 39.Qf4 Re5+ 40.Kf6
Rxd5 0-1

[Event "Koge Lang Sommer 2020"]
[Site "Koge"]
[Date "????.??.??"]
[Round "4"]
[White "Mollasoltani, Aryan"]
[Black "Saravana, Vedant Kumar"]
[Result "0-1"]
[WhiteElo "1439"]
[BlackElo "1718"]

1.e4 e5 2.Nf3 Nc6 3.Bc4 Bc5 4.c3 Nf6 5.d3 h6 6.O-O d6 7.h3 Bb6 8.Re1 O-O 
9.d4 exd4 10.cxd4 d5 11.exd5 Nxd5 12.Nc3 Be6 13.Nxd5 Bxd5 14.Bxd5 Qxd5 15.
Be3 Rfd8 16.b3 Rd7 17.Rc1 Rc8 18.Ne5 Nxe5 19.dxe5 Bxe3 20.fxe3 Qxd1 21.
Rexd1 Rxd1+ 22.Rxd1 Kf8 23.Kf2 Ke7 24.Kf3 Rd8 25.Rd4 Rd7 26.b4 c6 27.Ke4 
Rc7 28.Rc4 Ke6 29.a4 b6 30.a5 c5 31.a6 Rc8 32.Rc3 c4 33.b5 Rc5 34.Kd4 Rd5+
35.Kxc4 Rc5+ 36.Kd4 Rxc3 37.Kxc3 Kxe5 38.Kd3 Kd5 39.Kd4 Ke5 0-1

[Event "Koge Lang Sommer 2020"]
[Site "Koge"]
[Date "????.??.??"]
[Round "7"]
[White "Wahlund, Max"]
[Black "Koch-Muller, Oscar"]
[Result "1-0"]
[WhiteElo "2124"]
[BlackElo "1939"]

1.d4 Nf6 2.c4 e6 3.Nc3 Bb4 4.e3 O-O 5.Ne2 d5 6.a3 Bxc3+ 7.Nxc3 b6 8.cxd5 
Nxd5 9.e4 Nxc3 10.bxc3 Bb7 11.Bd3 Nd7 12.O-O c5 13.Be3 cxd4 14.cxd4 Nf6 
15.f3 Rc8 16.Qb3 Qd7 17.Rfc1 Rxc1+ 18.Rxc1 Rc8 19.Rxc8+ Qxc8 20.Qc4 Qxc4 
21.Bxc4 Kf8 22.Kf1 Ke7 23.Bg5 h6 24.Bh4 g5 25.Be1 h5 26.Bd2 Nh7 27.Ke2 g4 
28.Bd3 f6 29.fxg4 hxg4 30.Kf2 Bc8 31.Kg3 Nf8 32.Bb4+ Kf7 33.Bxf8 Kxf8 34.
Kxg4 e5+ 35.Kh5 exd4 36.Kg6 Ke7 37.h4 Bd7 38.g4 Bxg4 39.h5 Kf8 40.h6 Kg8 
41.Kxf6 Kh7 42.Kg5 Bd7 43.e5+ Kh8 44.Kf6 b5 45.e6 Bc6 46.Ke5 a5 47.Kxd4 b4
48.axb4 axb4 49.Kc5 Be8 50.Kxb4 Kg8 51.Kc5 Kh8 52.Kd6 Kg8 53.Ke7 Ba4 54.
h7+ Kg7 55.h8=Q+ Kxh8 56.Kf8 Bc6 57.e7 Ba4 58.Bg6 Bb5 59.Be8 Be2 60.Bc6 
Bh5 61.Bd5 Kh7 62.Bf7 Bg6 63.Bxg6+ Kh8 64.Bh7 1-0